Every Song by Crown the Empire - Statistics

General Stats
  • This quiz has been taken 7 times
  • The average score is 31 of 67
Answer Stats
Album Song % Correct
Sudden Sky(2019) BLURRY (out of place)
75%
Limitless(2011) Breaking Point
75%
The Resistance: Rise of The Runaways(2014) Johnny's Rebellion
75%
The Fallout(2012) Johnny's Revenge
75%
Limitless(2011) Limitless
75%
The Fallout(2012) Makeshift Chemistry
75%
The Resistance: Rise of The Runaways(2014) Rise of the Runaways
75%
The Fallout(2012) The Fallout
75%
Limitless(2011) Wake Me Up
75%
Sudden Sky(2019) 20/20
50%
The Resistance: Rise of The Runaways(2014) A Call to Arms (Act I)
50%
Retrograde(2016) Aftermath
50%
Retrograde(2016) Are You Coming with Me?
50%
The Resistance: Rise of The Runaways(2014) Bloodline
50%
The Fallout(2012) Children of Love
50%
DOGMA(2023) Dogma
50%
07102010(2020) Everything Breaks
50%
The Fallout(2012) Evidence
50%
The Fallout(2012) Graveyard Souls
50%
Retrograde(2016) Hologram
50%
The Resistance: Rise of The Runaways(2014) Initiation
50%
Limitless(2011) Johnny Ringo
50%
Retrograde(2016) Kaleidoscope
50%
Limitless(2011) Lead Me Out of the Dark
50%
Retrograde(2016) Lucky Us
50%
The Resistance: Rise of The Runaways(2014) Machines
50%
The Resistance: Rise of The Runaways(2014) Maniacal Me
50%
The Fallout(2012) Memories of a Broken Heart
50%
The Fallout(2012) Menace
50%
The Resistance: Rise of The Runaways(2014) Millennia
50%
The Resistance: Rise of The Runaways(2014) MNSTR
50%
The Fallout(2012) Oh, Catastrophe
50%
Retrograde(2016) Oxygen
50%
The Resistance: Rise of The Runaways(2014) Satellites (Act III)
50%
The Resistance: Rise of The Runaways(2014) Second Thoughts
50%
Retrograde(2016) Signs of Life
50%
Retrograde(2016) SK-68
50%
Sudden Sky(2019) Sudden Sky
50%
Retrograde(2016) The Fear Is Real
50%
Limitless(2011) The Glass Elevator (Walls)
50%
The Fallout(2012) The One You Feed
50%
The Resistance: Rise of The Runaways(2014) The Phoenix Reborn
50%
The Resistance: Rise of The Runaways(2014) The Wolves of Paris (Act II)
50%
The Fallout(2012) Two's Too Many
50%
Limitless(2011) Voices
50%
Retrograde(2016) Weight of the World
50%
Sudden Sky(2019) what i am
50%
Retrograde(2016) Zero
50%
DOGMA(2023) Black Sheep
25%
The Resistance: Rise of The Runaways(Bonus)(2014) Cross Our Bones
25%
DOGMA(2023) Dancing with the Dead
25%
DOGMA(2023) Immortalize
25%
DOGMA(2023) In Another Life
25%
DOGMA(2023) Labyrinth
25%
Sudden Sky(2019) March of the Ignorant
25%
DOGMA(2023) Modified
25%
Sudden Sky(2019) MZRY
25%
DOGMA(2023) Paranoid
25%
The Resistance: Rise of The Runaways(Bonus)(2014) Prisoners of War
25%
Sudden Sky(2019) Red Pills
25%
Sudden Sky(2019) SEQU3NCE
25%
DOGMA(2023) Someone Else
25%
DOGMA(2023) Superstar
25%
Sudden Sky(2019) Under the Skin
25%
Sudden Sky(2019) (X)
25%
Retrograde(Bonus)(2016) For Days
0%
Retrograde(Bonus)(2016) Mercury
0%
No matching quizzes found
Score Distribution
Percent of People with Each Score
Percentile by Number Answered
Your Score History
You have not taken this quiz